000 00863cam a22002534a 4500
001 2713
005 20240111135007.0
020 _a9780736851268
040 _aDLC
_cDLC
_dDLC
_beng
050 0 0 _aQL737.R632
_b 2005
082 0 0 _a599.37
100 1 _aRustad, Martha E. H.
_q(Martha Elizabeth Hillman),
_d1975-
245 1 0 _aBeavers and their lodges /
_cby Martha E.H. Rustad
260 _aNorth Mankato
_bCapstone Press,
_c2005
300 _a24 pages :
_bcolor illustrations ;
_c24 cm.
505 _aG
520 _aText and photographs introduce beavers and the lodges in which they build, live, and raise their young.
521 _a380
_bLexile
521 _aG
_bRaz-Plus
650 0 _aBeavers
_xHabitations
_vJuvenile literature.
650 1 _aBeavers
_xHabitations.
906 _a7
_bcbc
_corignew
_d1
_eecip
_f20
_gy-gencatlg
942 _2ddc
_cBK
_n0
999 _c2713
_d2713